[Event "Olympiad-42"]
[Site "Baku"]
[Date "2016.09.10"]
[Round "8.1"]
[White "Mphungu, Gerrard"]
[Black "Prasad, Calvin"]
[Result "0-1"]
[WhiteElo "2034"]
[BlackElo "2013"]
[PlyCount "116"]
[EventDate "2016.09.02"]
[EventType "team-swiss"]
[EventRounds "11"]
[EventCountry "AZE"]
[SourceTitle "CBM 175"]
[Source "ChessBase"]
[SourceDate "2016.11.10"]
[SourceVersion "1"]
[SourceVersionDate "2016.11.10"]
[SourceQuality "1"]
[WhiteTeam "Malawi"]
[BlackTeam "Fiji"]
[WhiteTeamCountry "MWI"]
[BlackTeamCountry "FIJ"]

1. d4 Nf6 2. c4 g6 3. Nc3 Bg7 4. Nf3 0-0 5. e4 d6 6. Be2 Na6 7. 0-0 e5 8. dxe5 dxe5 9. Qxd8 Rxd8 10. Ne1 c6 11. Be3 Be6 12. Nc2 Ng4 13. Bxg4 Bxg4 14. f3 Be6 15. Rfd1 Bxc4 16. Rxd8+ Rxd8 17. Bxa7 Rd2 18. Rc1 Bh6 19. Be3 Bxe3+ 20. Nxe3 Be6 21. Rc2 Rxc2 22. Nxc2 b5 23. a3 Bb3 24. Nb4 Nxb4 25. axb4 Kf8 26. Kf2 Ke7 27. Ne2 Kd6 28. Nc1 Bc4 29. Ke3 c5 30. b3 Be6 31. bxc5+ Kxc5 32. Nd3+ Kd6 33. b4 g5 34. Nf2 Bc4 35. g3 Be6 36. f4 f6 37. f5 Bc4 38. h4 gxh4 39. g4 Bf1 40. Kf3 h3 41. Kg3 Bg2 42. Nd1 Bxe4 43. Kxh3 Bc6 44. Kh4 Be8 45. g5 fxg5+ 46. Kxg5 h5 47. Nc3 Kc6 48. Ne4 Bf7 49. Nf6 Kd6 50. Nxh5 e4 51. Nf4 Ke5 52. Ng6+ Kd4 53. Kf6 Bc4 54. Kg7 e3 55. f6 e2 56. Nh4 Ke3 57. f7 Bxf7 58. Kxf7 Kf2 0-1

[Event "Olympiad-42"]
[Site "Baku"]
[Date "2016.09.09"]
[Round "7.1"]
[White "Rayes, Abdul Kader"]
[Black "Prasad, Calvin"]
[Result "1-0"]
[WhiteElo "2254"]
[BlackElo "2013"]
[PlyCount "93"]
[EventDate "2016.09.02"]
[EventType "team-swiss"]
[EventRounds "11"]
[EventCountry "AZE"]
[SourceTitle "CBM 175"]
[Source "ChessBase"]
[SourceDate "2016.11.10"]
[SourceVersion "1"]
[SourceVersionDate "2016.11.10"]
[SourceQuality "1"]
[WhiteTeam "Syria"]
[BlackTeam "Fiji"]
[WhiteTeamCountry "SYR"]
[BlackTeamCountry "FIJ"]

1. c4 Nf6 2. g3 c5 3. Nf3 Nc6 4. Bg2 d5 5. cxd5 Nxd5 6. Nc3 Nc7 7. 0-0 g6 8. d3 Bg7 9. Be3 b6 10. Qd2 0-0 11. Rfd1 Rb8 12. d4 cxd4 13. Nxd4 Nxd4 14. Bxd4 e5 15. Be3 Bf5 16. Nd5 Nxd5 17. Bxd5 Qe7 18. Bg5 Bf6 19. Bxf6 Qxf6 20. Qb4 Rbc8 21. Rac1 Kg7 22. Rxc8 Rxc8 23. Bb3 Bh3 24. f3 Qg5 25. Kf2 Rd8 26. Rxd8 Qxd8 27. Qc3 Qd4+ 28. Qxd4 exd4 29. g4 h5 30. gxh5 gxh5 31. Kg3 Bf5 32. Kf4 Bg6 33. Bc4 Kf6 34. Bd3 Bxd3 35. exd3 Ke6 36. Ke4 f5+ 37. Kxd4 h4 38. h3 Kd6 39. Ke3 Ke5 40. d4+ Kd5 41. Kf4 Kxd4 42. Kxf5 Ke3 43. Kg4 a5 44. f4 Ke4 45. f5 Ke5 46. Kg5 Kd6 47. Kf6 1-0

[Event "Olympiad-42"]
[Site "Baku"]
[Date "2016.09.02"]
[Round "1.1"]
[White "Atabayev, Maksat"]
[Black "Prasad, Calvin"]
[Result "1-0"]
[WhiteElo "2485"]
[BlackElo "2013"]
[PlyCount "115"]
[EventDate "2016.09.02"]
[EventType "team-swiss"]
[EventRounds "11"]
[EventCountry "AZE"]
[SourceTitle "CBM 175"]
[Source "ChessBase"]
[SourceDate "2016.11.10"]
[SourceVersion "1"]
[SourceVersionDate "2016.11.10"]
[SourceQuality "1"]
[WhiteTeam "Turkmenistan"]
[BlackTeam "Fiji"]
[WhiteTeamCountry "TKM"]
[BlackTeamCountry "FIJ"]

1. e4 c6 2. d4 d5 3. Nc3 dxe4 4. Nxe4 Bf5 5. Ng3 Bg6 6. Nf3 Nd7 7. Bd3 e6 8. 0-0 Ngf6 9. c4 Be7 10. Bxg6 hxg6 11. Qe2 Qc7 12. Rd1 Nb6 13. b3 0-0 14. Ne4 Nxe4 15. Qxe4 Bf6 16. Bg5 Qe7 17. Qh4 Rfe8 18. Re1 Nd7 19. Re4 Nf8 20. Bxf6 gxf6 21. Qh6 g5 22. Rg4 Nh7 23. h4 Qf8 24. Qh5 Qg7 25. Rg3 Qg6 26. Qxg6+ fxg6 27. hxg5 f5 28. Ne5 Kg7 29. f4 Rad8 30. Rd1 Nf8 31. Rgd3 Nd7 32. Nf3 Kf7 33. Kf2 Kg7 34. Ke3 Rh8 35. Re1 Kf7 36. Kd2 a5 37. a4 Rh7 38. Kc3 Rhh8 39. Rde3 Rde8 40. Ne5+ Nxe5 41. Rxe5 b6 42. c5 b5 43. axb5 cxb5 44. c6 a4 45. Rxb5 axb3 46. d5 b2 47. Rxb2 Re7 48. dxe6+ Kg7 49. Rb7 Rhe8 50. Rxe7+ Rxe7 51. Kd4 Kf8 52. Ke5 Rc7 53. Kd6 Rc8 54. Kd7 Re8 55. e7+ Kf7 56. c7 Rxe7+ 57. Rxe7+ Kg8 58. c8R# 1-0

[Event "Fiji op 2nd"]
[Site "Suva"]
[Date "2016.08.17"]
[Round "7"]
[White "Prasad, Calvin"]
[Black "Milligan, Helen"]
[Result "1-0"]
[WhiteElo "2001"]
[BlackElo "2052"]
[PlyCount "129"]
[EventDate "2016.08.14"]
[EventType "swiss"]
[EventRounds "7"]
[EventCountry "FIJ"]
[SourceTitle "CBM 174 Extra"]
[Source "ChessBase"]
[SourceDate "2016.10.10"]
[SourceVersion "1"]
[SourceVersionDate "2016.10.10"]
[SourceQuality "1"]

1. Nf3 Nf6 2. c4 g6 3. b4 d6 4. Bb2 e5 5. d3 Bg7 6. g3 c6 7. Bg2 Na6 8. a3 Nc7 9. 0-0 0-0 10. Nbd2 Be6 11. Qc2 Nh5 12. c5 Nb5 13. Ne4 d5 14. Neg5 Bg4 15. a4 Nc7 16. h3 Bxf3 17. Nxf3 Re8 18. Qb3 Qd7 19. e4 Rad8 20. Rfd1 a6 21. Rab1 Bf6 22. Re1 d4 23. Nd2 Bg7 24. Nc4 Bf8 25. Bc1 h6 26. Rf1 Kh7 27. Kh2 f6 28. Qd1 Qf7 29. Qd2 Qg7 30. Bf3 Ne6 31. Qd1 Qf7 32. Bxh5 gxh5 33. f4 exf4 34. Bxf4 Ng5 35. Bxg5 hxg5 36. Rf5 Re6 37. Qf3 Qg6 38. Rf1 Be7 39. h4 Rg8 40. hxg5 fxg5 41. Rf7+ Rg7 42. Qf5 Rxf7 43. Qxf7+ Qxf7 44. Rxf7+ Kg8 45. Rf5 h4 46. g4 Bd8 47. Kh3 Rg6 48. a5 Bc7 49. e5 Bd8 50. Nd2 Re6 51. Nf3 Bc7 52. Rxg5+ Kf7 53. Rf5+ Kg8 54. g5 Re7 55. Kxh4 Rh7+ 56. Kg4 Rh1 57. Nxd4 Rb1 58. Kh5 Re1 59. Ne6 Rxe5 60. Rf8+ Kh7 61. Rf7+ Kg8 62. Rg7+ Kh8 63. Rxc7 Rxe6 64. Rxb7 Kg8 65. Rb6 1-0

[Event "Oceania zt"]
[Site "Cammeray"]
[Date "2015.07.06"]
[Round "4"]
[White "Prasad, Calvin"]
[Black "Stephens, Malcolm"]
[Result "1/2-1/2"]
[WhiteElo "2009"]
[BlackElo "2263"]
[PlyCount "94"]
[EventDate "2015.07.04"]
[EventType "swiss"]
[EventRounds "9"]
[EventCountry "AUS"]
[SourceTitle "CBM 167 Extra"]
[Source "ChessBase"]
[SourceDate "2015.09.14"]
[SourceVersion "1"]
[SourceVersionDate "2015.09.14"]
[SourceQuality "1"]

1. Nf3 c5 2. c4 Nc6 3. Nc3 e5 4. g3 g6 5. Bg2 Bg7 6. d3 d6 7. Nd5 h6 8. a3 Nge7 9. Rb1 a5 10. 0-0 0-0 11. Bd2 Nxd5 12. cxd5 Ne7 13. Ne1 b5 14. Nc2 a4 15. b4 axb3 16. Rxb3 Bd7 17. Qc1 Kh7 18. e4 Ra4 19. Ne3 f5 20. Nd1 c4 21. Rb4 cxd3 22. Nb2 Rxa3 23. f3 fxe4 24. fxe4 Qb6+ 25. Kh1 Qa7 26. Rxf8 Bxf8 27. Nd1 Ra1 28. Rb1 Rxb1 29. Qxb1 Bg4 30. Be3 Qa3 31. Nf2 Be2 32. Bf1 Qa4 33. Kg1 Bg7 34. Bd2 Qc4 35. Qb4 Qc2 36. Qc3 Qb1 37. Qc1 Qb3 38. Qc3 Qb1 39. Qc1 Qb3 40. Qc3 Qc4 41. Qxc4 bxc4 42. Bxe2 dxe2 43. Ng4 Ng8 44. Kf2 h5 45. Ne3 Nf6 46. Kf3 Bh6 47. Bb4 Bxe3 1/2-1/2

[Event "Oceania zt"]
[Site "Cammeray"]
[Date "2015.07.04"]
[Round "1"]
[White "Buciu, Aurel John"]
[Black "Prasad, Calvin"]
[Result "0-1"]
[WhiteElo "1714"]
[BlackElo "2009"]
[PlyCount "94"]
[EventDate "2015.07.04"]
[EventType "swiss"]
[EventRounds "9"]
[EventCountry "AUS"]
[SourceTitle "CBM 167 Extra"]
[Source "ChessBase"]
[SourceDate "2015.09.14"]
[SourceVersion "1"]
[SourceVersionDate "2015.09.14"]
[SourceQuality "1"]

1. d4 Nf6 2. Bf4 g6 3. Nf3 Bg7 4. e3 d6 5. Be2 0-0 6. Nbd2 c6 7. c3 a5 8. a4 Na6 9. 0-0 Nc7 10. e4 Ne6 11. Bg3 Nh5 12. Bh4 Nef4 13. Re1 h6 14. Bf1 g5 15. Bg3 Nxg3 16. hxg3 Ng6 17. Nc4 Qc7 18. e5 d5 19. Ncd2 Bf5 20. Be2 e6 21. Nf1 Ne7 22. Ne3 Bg6 23. Bd3 c5 24. Rc1 Rfc8 25. Bxg6 Nxg6 26. Qd3 Ra6 27. Ng4 Qe7 28. Nd2 Rb6 29. b3 Rbc6 30. Qb1 h5 31. Nh2 Qc7 32. Rcd1 g4 33. f3 Qb6 34. fxg4 cxd4 35. cxd4 Qxd4+ 36. Kh1 hxg4 37. Ndf3 Qf2 38. Nxg4 Qxg3 39. Rd4 Nf4 40. Ne3 Rc3 41. Rd2 Qg6 42. Qb2 Qh5+ 43. Kg1 Bxe5 44. Nxe5 Qxe5 45. Nc2 Qc7 46. Re3 Rxe3 47. Nxe3 Qc1+ 0-1

[Event "Olympiad-41"]
[Site "Tromsoe"]
[Date "2014.08.11"]
[Round "9.1"]
[White "Manuel, Enofre Efren D"]
[Black "Prasad, Calvin"]
[Result "1-0"]
[WhiteElo "1950"]
[BlackElo "2011"]
[PlyCount "69"]
[EventDate "2014.08.02"]
[EventType "team-swiss"]
[EventRounds "11"]
[EventCountry "NOR"]
[SourceTitle "CBM 162"]
[Source "ChessBase"]
[SourceDate "2014.09.17"]
[SourceVersion "1"]
[SourceVersionDate "2014.09.17"]
[SourceQuality "1"]
[WhiteTeam "Guam"]
[BlackTeam "Fiji"]
[WhiteTeamCountry "GMA"]
[BlackTeamCountry "FIJ"]

1. c4 Nf6 2. Nc3 d5 3. d4 c6 4. Qb3 dxc4 5. Qxc4 Be6 6. Qd3 Na6 7. a3 g6 8. e4 Bg7 9. Nf3 0-0 10. Be2 Rc8 11. 0-0 c5 12. d5 c4 13. Qc2 Bg4 14. h3 Bxf3 15. Bxf3 Nc5 16. Be3 Nfd7 17. Be2 Ne5 18. Bxc5 Rxc5 19. Rad1 g5 20. Qd2 h6 21. Qe3 Ra5 22. g3 Qd6 23. f4 gxf4 24. gxf4 Nd3 25. e5 Qg6+ 26. Kh1 Nxb2 27. Rd2 Nd3 28. Rg1 Qb6 29. Qg3 Qg6 30. Qf3 Qb6 31. Bxd3 cxd3 32. Rdg2 f5 33. Rxg7+ Kh8 34. Qg2 Qxg1+ 35. Qxg1 1-0

[Event "Olympiad-41"]
[Site "Tromsoe"]
[Date "2014.08.09"]
[Round "7.1"]
[White "Bacchas, Clevert"]
[Black "Prasad, Calvin"]
[Result "0-1"]
[WhiteElo "1948"]
[BlackElo "2011"]
[PlyCount "138"]
[EventDate "2014.08.02"]
[EventType "team-swiss"]
[EventRounds "11"]
[EventCountry "NOR"]
[SourceTitle "CBM 162"]
[Source "ChessBase"]
[SourceDate "2014.09.17"]
[SourceVersion "1"]
[SourceVersionDate "2014.09.17"]
[SourceQuality "1"]
[WhiteTeam "Bermuda"]
[BlackTeam "Fiji"]
[WhiteTeamCountry "BER"]
[BlackTeamCountry "FIJ"]

1. d4 Nf6 2. c4 c5 3. Bf4 cxd4 4. Bxb8 Qa5+ 5. Qd2 Qxd2+ 6. Nxd2 Rxb8 7. Ngf3 e6 8. Nxd4 Be7 9. g3 0-0 10. Bg2 d5 11. 0-0 e5 12. N4f3 e4 13. Nd4 e3 14. fxe3 Ng4 15. Bxd5 Nxe3 16. Rf3 Bf6 17. N2b3 Bg5 18. Kf2 Ng4+ 19. Kg1 Ne3 20. Kf2 Ng4+ 21. Kg1 Ne5 22. Rc3 Bh3 23. Nf3 Bf6 24. Nxe5 Bxe5 25. Rc2 Kh8 26. e3 b5 27. c5 Rbd8 28. Rd2 Bxb2 29. Rxb2 Rxd5 30. Rd2 Re5 31. Re1 g6 32. c6 Rfe8 33. c7 Rc8 34. Rd8+ Kg7 35. Rxc8 Bxc8 36. Rd1 Re7 37. Nd4 Rxc7 38. Nxb5 Re7 39. Kf2 Bg4 40. Rd4 h5 41. Rd2 Rb7 42. Nd4 Rb1 43. e4 Rh1 44. Ke3 Re1+ 45. Kd3 Bc8 46. Nf3 Ba6+ 47. Kd4 Rc1 48. e5 Rc8 49. Ng5 Rc4+ 50. Kd5 Rg4 51. Nh3 Ra4 52. Ng5 Bc4+ 53. Kd6 Rxa2 54. Rxa2 Bxa2 55. h4 a5 56. Kc5 a4 57. Kb4 Bb3 58. Ne4 Kf8 59. Nc5 Ke7 60. Nxb3 axb3 61. Kxb3 Ke6 62. Kc4 Kxe5 63. Kd3 Kf5 64. Ke3 Kg4 65. Kf2 f5 66. Kg2 f4 67. gxf4 Kxf4 68. Kh3 Kf3 69. Kh2 Kg4 0-1

[Event "Doeberl Cup 52nd"]
[Site "Canberra"]
[Date "2014.04.17"]
[Round "1"]
[White "Prasad, Calvin"]
[Black "Izzat, Kanan Azar"]
[Result "0-1"]
[WhiteElo "2026"]
[BlackElo "2383"]
[PlyCount "120"]
[EventDate "2014.04.17"]
[EventType "swiss"]
[EventRounds "9"]
[EventCountry "AUS"]
[SourceTitle "CBM 159 Extra"]
[Source "ChessBase"]
[SourceDate "2014.04.24"]
[SourceVersion "1"]
[SourceVersionDate "2014.04.24"]
[SourceQuality "1"]

1. d4 Nf6 2. c4 g6 3. Nc3 d5 4. cxd5 Nxd5 5. e4 Nxc3 6. bxc3 Bg7 7. Qa4+ Nd7 8. Be3 0-0 9. Rc1 c5 10. Nf3 a6 11. Qb3 b5 12. Be2 Bb7 13. d5 Nf6 14. Nd2 c4 15. Qb1 Qd7 16. 0-0 Rab8 17. Nf3 e6 18. Bf4 Rbd8 19. Ne5 Qc8 20. dxe6 Qxe6 21. Bf3 g5 22. Bg3 g4 23. Be2 Nxe4 24. Bxc4 bxc4 25. Qxb7 Nxg3 26. Rfe1 Bxe5 27. hxg3 Rd2 28. Qe4 Re8 29. Qe3 Rd5 30. Rb1 Bf6 31. Qxe6 Rxe6 32. Rb8+ Kg7 33. Rxe6 fxe6 34. Rc8 Bxc3 35. Rxc4 Bd4 36. Rc6 Ra5 37. Rxe6 Rxa2 38. Re4 Bxf2+ 39. Kh2 h5 40. Rf4 Kg6 41. Rf8 Re2 42. Rf4 Be1 43. Rf1 Re7 44. Rxe1 Ra7 45. Ra1 a5 46. Ra4 Kf5 47. Kg1 Ke5 48. Kf2 Kd5 49. Ke3 Kc5 50. Kd3 Kb5 51. Rf4 Rc7 52. Rf5+ Rc5 53. Rf8 Kb4 54. Rf4+ Kb3 55. Rf8 Rc3+ 56. Ke2 Rxg3 57. Kf2 Rc3 58. Rf5 a4 59. Rb5+ Kc2 60. Rxh5 a3 0-1

[Event "Oceania zt"]
[Site "Nadi"]
[Date "2013.05.05"]
[Round "2"]
[White "Prasad, Calvin"]
[Black "Dale, Ari"]
[Result "0-1"]
[WhiteElo "2018"]
[BlackElo "2222"]
[PlyCount "122"]
[EventDate "2013.05.05"]
[EventType "swiss"]
[EventRounds "9"]
[EventCountry "FIJ"]
[SourceTitle "CBM 154 Extra"]
[Source "ChessBase"]
[SourceDate "2013.06.25"]
[SourceVersion "2"]
[SourceVersionDate "2013.06.25"]
[SourceQuality "1"]

1. Nf3 Nf6 2. c4 g6 3. b4 Bg7 4. Bb2 0-0 5. g3 c6 6. Bg2 d5 7. cxd5 cxd5 8. 0-0 Qb6 9. Qb3 Nc6 10. b5 Na5 11. Qb4 a6 12. Na3 axb5 13. Bd4 Nc6 14. Bxb6 Nxb4 15. Nxb5 Nd7 16. Bd4 e5 17. Bc3 Nc2 18. Nc7 Ra4 19. Rac1 Rxa2 20. Nxd5 b5 21. Ne7+ Kh8 22. Ne1 Nxe1 23. Rfxe1 Nb6 24. Bc6 Bd7 25. Bxd7 Nxd7 26. Rb1 Rb8 27. Nd5 e4 28. Nb4 Ra4 29. Bxg7+ Kxg7 30. Rec1 Rb7 31. d4 exd3 32. exd3 h5 33. Rc3 h4 34. Kg2 Ra8 35. Nc2 Ra2 36. Nb4 h3+ 37. Kxh3 Rxf2 38. Rc2 Rxc2 39. Nxc2 Ne5 40. d4 Nc4 41. Kg4 f5+ 42. Kf4 Kf6 43. h4 Re7 44. Rxb5 Re2 45. g4 Rxc2 46. gxf5 Rf2+ 47. Kg4 Ne3+ 48. Kg3 Rxf5 49. Rb6+ Kg7 50. Re6 Nd5 51. Re5 Kh6 52. Re4 Nf6 53. Re1 Nh5+ 54. Kg2 Rd5 55. Rd1 Nf6 56. Rf1 Ng4 57. Rf4 Ne3+ 58. Kf3 Nf5 59. Ke4 Rxd4+ 60. Ke5 Rxf4 61. Kxf4 Kh5 0-1

[Event "Olympiad-40"]
[Site "Istanbul"]
[Date "2012.09.03"]
[Round "6.1"]
[White "Prasad, Calvin"]
[Black "De la Riva Aguado, Oscar"]
[Result "1/2-1/2"]
[WhiteElo "2002"]
[BlackElo "2540"]
[PlyCount "61"]
[EventDate "2012.08.28"]
[EventType "team-swiss"]
[EventRounds "11"]
[EventCountry "TUR"]
[SourceTitle "CBM 151"]
[Source "ChessBase"]
[SourceDate "2012.11.13"]
[SourceVersion "1"]
[SourceVersionDate "2012.11.13"]
[SourceQuality "1"]
[WhiteTeam "Fiji"]
[BlackTeam "Andorra"]
[WhiteTeamCountry "FIJ"]
[BlackTeamCountry "AND"]

1. Nf3 g6 2. g3 Bg7 3. Bg2 e5 4. d3 d5 5. 0-0 Ne7 6. c4 c6 7. Nbd2 0-0 8. e4 dxe4 9. dxe4 Na6 10. b3 Nc5 11. Ba3 Qa5 12. Bxc5 Qxc5 13. a3 a5 14. Qe2 Be6 15. Ng5 Bd7 16. Rfd1 h6 17. b4 Qa7 18. Nb3 b6 19. c5 Bc8 20. Nf3 bxc5 21. Nxc5 axb4 22. axb4 Qxa1 23. Rxa1 Rxa1+ 24. Bf1 Bh3 25. Ne1 Bxf1 26. Kxf1 Rfa8 27. Kg2 Nc8 28. Ned3 Nd6 29. Qg4 R1a7 30. h4 h5 31. Qg5 1/2-1/2

[Event "Olympiad-40"]
[Site "Istanbul"]
[Date "2012.09.01"]
[Round "5.1"]
[White "Pesqueira, Jose"]
[Black "Prasad, Calvin"]
[Result "1-0"]
[WhiteElo "1986"]
[BlackElo "2002"]
[PlyCount "103"]
[EventDate "2012.08.28"]
[EventType "team-swiss"]
[EventRounds "11"]
[EventCountry "TUR"]
[SourceTitle "CBM 151"]
[Source "ChessBase"]
[SourceDate "2012.11.13"]
[SourceVersion "1"]
[SourceVersionDate "2012.11.13"]
[SourceQuality "1"]
[WhiteTeam "Aruba"]
[BlackTeam "Fiji"]
[WhiteTeamCountry "ARN"]
[BlackTeamCountry "FIJ"]

1. d4 Nf6 2. c4 g6 3. Nc3 Bg7 4. e4 d6 5. Nf3 0-0 6. Be2 e5 7. 0-0 Nc6 8. d5 Ne7 9. Ne1 Nd7 10. Nd3 f5 11. f3 Nf6 12. Bd2 f4 13. c5 g5 14. cxd6 cxd6 15. Nf2 Ng6 16. a4 Rf7 17. a5 Bf8 18. Be1 h5 19. h3 Rg7 20. Ra3 Nh4 21. Nb1 Be7 22. Nd2 Kh8 23. Kh2 Bd7 24. Rh1 Rc8 25. Kg1 Kg8 26. Ra1 Qc7 27. b3 Qc5 28. Kf1 Bd8 29. Nc4 b5 30. axb6 axb6 31. Nd3 Qc7 32. Bf2 Qb8 33. Ra6 Bb5 34. Ra1 Ng6 35. Nb4 Ne7 36. Na6 Bxa6 37. Rxa6 Nd7 38. Qa1 Nc5 39. Bxc5 dxc5 40. Nxe5 Nxd5 41. exd5 Qd6 42. Nc4 Qg6 43. Qd1 Re7 44. Kf2 Qg7 45. Nd6 Rcc7 46. Nf5 Qe5 47. Nxe7+ Rxe7 48. Qd2 Qd6 49. Bc4 Re3 50. Re1 Bf6 51. Ra7 Bc3 52. Qxc3 1-0

[Event "Olympiad-40"]
[Site "Istanbul"]
[Date "2012.08.28"]
[Round "1.1"]
[White "Sharavdorj, Dashzeveg"]
[Black "Prasad, Calvin"]
[Result "1-0"]
[WhiteElo "2446"]
[BlackElo "2002"]
[PlyCount "70"]
[EventDate "2012.08.28"]
[EventType "team-swiss"]
[EventRounds "11"]
[EventCountry "TUR"]
[SourceTitle "CBM 151"]
[Source "ChessBase"]
[SourceDate "2012.11.13"]
[SourceVersion "1"]
[SourceVersionDate "2012.11.13"]
[SourceQuality "1"]
[WhiteTeam "Mongolia"]
[BlackTeam "Fiji"]
[WhiteTeamCountry "MGL"]
[BlackTeamCountry "FIJ"]

1. d4 c6 2. c4 d5 3. Nf3 Nf6 4. Nc3 g6 5. e3 Bg7 6. Be2 0-0 7. 0-0 Bg4 8. cxd5 cxd5 9. Qb3 Bc8 10. Ne5 Nc6 11. f4 e6 12. Nxc6 bxc6 13. Na4 Qc7 14. Qc2 a5 15. Nc5 Nd7 16. Nxd7 Bxd7 17. b3 Rfc8 18. Ba3 Bf8 19. Bxf8 Kxf8 20. Rfc1 Qb6 21. Kf2 Rcb8 22. Rab1 Qb4 23. Qb2 a4 24. a3 Qe7 25. b4 f5 26. g3 Kf7 27. Rc5 g5 28. Qd2 Ra7 29. Rh1 Rg8 30. Bd1 Kf8 31. Rc1 gxf4 32. exf4 Qf6 33. Qc3 Rh8 34. Bh5 Ra8 35. Qc5+ Kg7 1-0

[Event "Oceania zt"]
[Site "Gold Coast"]
[Date "2009.06.25"]
[Round "8"]
[White "Brown, Andrew"]
[Black "Prasad, Calvin"]
[Result "1-0"]
[WhiteElo "2085"]
[BlackElo "1912"]
[PlyCount "35"]
[EventDate "2009.06.20"]
[EventType "swiss"]
[EventRounds "9"]
[EventCountry "AUS"]
[SourceTitle "CBM 130 Extra"]
[Source "ChessBase"]
[SourceDate "2009.07.02"]
[SourceVersion "2"]
[SourceVersionDate "2009.07.15"]
[SourceQuality "1"]

1. d4 Nf6 2. c4 g6 3. Nc3 Bg7 4. e4 d6 5. f4 0-0 6. Nf3 c5 7. d5 e6 8. Be2 exd5 9. cxd5 Re8 10. Nd2 Nbd7 11. 0-0 c4 12. Bxc4 Nc5 13. e5 dxe5 14. fxe5 Rxe5 15. Nf3 Re8 16. Bg5 Rf8 17. Kh1 Nfe4 18. Bh4 1-0

[Event "Oceania zt"]
[Site "Gold Coast"]
[Date "2009.06.24"]
[Round "7"]
[White "Prasad, Calvin"]
[Black "Fitzpatrick, Andrew"]
[Result "1-0"]
[WhiteElo "1912"]
[BlackElo "2022"]
[PlyCount "65"]
[EventDate "2009.06.20"]
[EventType "swiss"]
[EventRounds "9"]
[EventCountry "AUS"]
[SourceTitle "CBM 130 Extra"]
[Source "ChessBase"]
[SourceDate "2009.07.02"]
[SourceVersion "2"]
[SourceVersionDate "2009.07.15"]
[SourceQuality "1"]

1. d4 Nf6 2. c4 Nc6 3. Nc3 e5 4. d5 Ne7 5. Nf3 Ng6 6. g3 Bb4 7. Qc2 0-0 8. Bg2 d6 9. 0-0 a5 10. Bg5 Bxc3 11. Qxc3 b6 12. Ne1 h6 13. Bxf6 Qxf6 14. e4 Qe7 15. Nd3 f5 16. f3 f4 17. g4 Qg5 18. a3 a4 19. h3 h5 20. Rac1 hxg4 21. hxg4 Nh4 22. Nf2 Kf7 23. Nh3 Qg6 24. Kf2 Ke7 25. Rh1 Bxg4 26. fxg4 f3 27. Bf1 Qxg4 28. Qe3 Rf6 29. Qg5 Qxe4 30. Qxg7+ Ke8 31. Qxf6 Nf5 32. Re1 Qd4+ 33. Kxf3 1-0

[Event "FIJ-ch"]
[Site "Suva"]
[Date "2007.12.01"]
[Round "5"]
[White "Gautam, Asheesh"]
[Black "Prasad, Calvin"]
[Result "1/2-1/2"]
[WhiteElo "1955"]
[BlackElo "1843"]
[PlyCount "38"]
[EventDate "2007.11.29"]
[EventType "tourn"]
[EventRounds "9"]
[EventCountry "FIJ"]
[SourceTitle "EXT 2010"]
[Source "ChessBase"]
[SourceDate "2010.11.25"]
[SourceVersion "1"]
[SourceVersionDate "2010.11.25"]
[SourceQuality "1"]

1. d4 Nf6 2. c4 e6 3. Nf3 b6 4. g3 Ba6 5. Qc2 Be7 6. Bg2 Bb7 7. 0-0 0-0 8. Nc3 d5 9. Ne5 Nbd7 10. Rd1 c6 11. e4 Rc8 12. Qe2 Re8 13. f4 Qc7 14. Be3 Nxe5 15. dxe5 Nxe4 16. Nxe4 dxe4 17. Bxe4 c5 18. Qc2 Bxe4 19. Qxe4 Rcd8 1/2-1/2

[Event "FIJ-ch"]
[Site "Suva"]
[Date "2007.12.01"]
[Round "6"]
[White "Prasad, Calvin"]
[Black "Sukhu, Gloria"]
[Result "1-0"]
[WhiteElo "1843"]
[BlackElo "1668"]
[PlyCount "50"]
[EventDate "2007.11.29"]
[EventType "tourn"]
[EventRounds "9"]
[EventCountry "FIJ"]
[SourceTitle "EXT 2010"]
[Source "ChessBase"]
[SourceDate "2010.11.25"]
[SourceVersion "1"]
[SourceVersionDate "2010.11.25"]
[SourceQuality "1"]

1. d4 e6 2. c4 d6 3. Nc3 c6 4. e4 Qa5 5. Nf3 Nf6 6. Bd3 e5 7. dxe5 dxe5 8. 0-0 Bg4 9. h3 Bh5 10. Bd2 Bxf3 11. Qxf3 Nbd7 12. a3 Qb6 13. b4 Qd4 14. Rfd1 Nh5 15. Rac1 Nf4 16. Bf1 Qb6 17. Bxf4 exf4 18. Qxf4 Be7 19. c5 Qd8 20. Qg4 h5 21. Qf3 Qc7 22. Qe2 Bg5 23. Rc2 0-0-0 24. a4 Ne5 25. g3 g6 1-0

[Event "FIJ-ch"]
[Site "Suva"]
[Date "2007.11.30"]
[Round "2"]
[White "Prasad, Calvin"]
[Black "Maharaj, Jashint"]
[Result "1-0"]
[WhiteElo "1843"]
[BlackElo "1715"]
[PlyCount "131"]
[EventDate "2007.11.29"]
[EventType "tourn"]
[EventRounds "9"]
[EventCountry "FIJ"]
[SourceTitle "EXT 2010"]
[Source "ChessBase"]
[SourceDate "2010.11.25"]
[SourceVersion "1"]
[SourceVersionDate "2010.11.25"]
[SourceQuality "1"]

1. d4 d5 2. Nf3 Nf6 3. e3 e6 4. c4 c5 5. Nc3 cxd4 6. exd4 Bb4 7. a3 Bxc3+ 8. bxc3 0-0 9. Bd3 Re8 10. 0-0 Qc7 11. Ne5 Nbd7 12. f4 a6 13. c5 Ne4 14. Rf3 f6 15. Nxd7 Bxd7 16. Qe1 Bc6 17. Rh3 f5 18. Bxe4 dxe4 19. Qh4 g6 20. Bb2 Qe7 21. Qf2 Bd5 22. c4 Bxc4 23. d5 e5 24. fxe5 Bxd5 25. e6 Rac8 26. Rc1 Rc7 27. Qd4 Qg7 28. Qxg7+ Rxg7 29. Bxg7 Kxg7 30. Rd1 Bxe6 31. Rc3 Rc8 32. Kf2 Kf7 33. Ke3 Ke7 34. Kf4 Bd7 35. Rd6 Rc6 36. Ke5 Be8 37. a4 b5 38. Rxc6 Bxc6 39. axb5 axb5 40. h4 h6 41. g3 h5 42. Rc1 b4 43. Rb1 e3 44. Rxb4 e2 45. Rb1 Bf3 46. Rc1 Kd7 47. Kd4 Kc6 48. Kc4 Bd5+ 49. Kd4 Bf3 50. Ra1 Kb5 51. Ke3 Bg4 52. Rc1 Kc6 53. Kf4 Kd7 54. c6+ Kc7 55. Kg5 Bf3 56. Kxg6 Bxc6 57. Kxh5 Kd6 58. Kg5 Ba4 59. Re1 Bd1 60. h5 Ke6 61. Kg6 Ke5 62. h6 f4 63. gxf4+ Kxf4 64. Kg7 Kf3 65. h7 Kf2 66. Rxe2+ 1-0